O'neil and his themes / (Record no. 42582)

MARC details
000 -LEADER
fixed length control field 00594nam a22002057a 4500
005 - DATE AND TIME OF LATEST TRANSACTION
control field 20100819113936.0
010 ## - LCCN (DPL NO)
LC control number ENG-100946
020 ## - INTERNATIONAL STANDARD BOOK NUMBER
Terms of availability 50.00
International Standard Book Number 9788190741675
035 ## - SYSTEM CONTROL NUMBER
System control number EN-84479
037 ## - SOURCE OF ACQUISITION
Source of stock number/acquisition DBAD/PUB
082 ## - DEWEY DECIMAL CLASSIFICATION NUMBER
Classification number 899.7208
100 ## - MAIN ENTRY--PERSONAL NAME
Personal name Ramya, S.
245 ## - TITLE STATEMENT
Title O'neil and his themes /
Statement of responsibility, etc by S. Ramya
260 ## - PUBLICATION, DISTRIBUTION, ETC. (IMPRINT)
Place of publication, distribution, etc Thanjavur
Name of publisher, distributor, etc Printmagic
Date of publication, distribution, etc 2008
270 ## - ADDRESS
Address #2, First Floor, Guru Complex, Rajappa Nagar, Medical College Road
City Thanjavur
Postal code 613007
300 ## - PHYSICAL DESCRIPTION
Extent 64 p.
Other physical details 22cm (Pbk)
700 ## - ADDED ENTRY--PERSONAL NAME
9 (RLIN) 15115
700 ## - ADDED ENTRY--PERSONAL NAME
9 (RLIN) 15135
942 ## - ADDED ENTRY ELEMENTS (KOHA)
Source of classification or shelving scheme Dewey Decimal Classification
Item type English Books
Classification part 899.7208
Call number suffix BUR

No items available.


© Delhi Public Library
Hit Counter
free hit counter